Database directions: from relational to distributed, multimedia, and object-oriented database systems

Enregistré dans:
Détails bibliographiques
Auteur principal: Larson, James A (Auteur)
Format: Livre
Langue:anglais
Publié: Upper Saddle River Prentice Hall 1995
Sujets:
Tags: Ajouter un tag
Pas de tags, Soyez le premier à ajouter un tag!

MARC

LEADER 00000nam a2200000 a 4500
001 UCS0888
003 CL-VaPUC
008 970428e19950000us |||||||||||||||||eng|d
082 0 4 |a 005.75  |b LAR  |2 21 
100 0 |a Larson, James A  |e author  |9 384790 
245 1 0 |a Database directions: from relational to distributed, multimedia, and object-oriented database systems 
300 |a 261 p 
942 |c BK 
945 |d 19970428 00:00:00  |a rleighto 
260 |a Upper Saddle River  |b Prentice Hall  |c 1995 
650 0 |a Administración de bases de datos   |9 260338 
650 0 |a Bases de datos   |9 260577 
650 0 |a Software  |9 387312 
583 |a last modification  |c 20171205 01:32:17  |k Rodrigo Vera 
999 |c 259027  |d 259025 
952 |0 0  |1 0  |4 0  |6 005_750000000000000_LAR_1995  |7 0  |8 A  |9 283544  |a BIBING  |b BIBING  |d 2019-11-19  |i 3303330  |o 005.75 LAR 1995  |p 3303330  |r 2025-01-20  |w 2019-11-19  |y BK  |k CCI